Javier de viana, modernista. /

Guardado en:
Autor Principal: Freire, Tabare J.
Formato: Libro
Publicado: Uruguay : Universidad de la república, 1957
Materias:
Etiquetas: Agregar Etiqueta
Sin Etiquetas, Sea el primero en etiquetar este registro!
LEADER 00488nam a22001695a 4500
001 CEM.cems002622
005 19000101000000.0
008 130507s1957##################000#0#####d
003 CEMS
082 0 4 |a U864.4 
100 1 |a Freire, Tabare J. 
245 1 0 |a Javier de viana, modernista. / 
260 |a Uruguay :  |b Universidad de la república,  |c 1957 
300 |a 40 p. 
653 |a Literatura 
653 |a Literatura hispanoamericana 
859 |a CEMS  |b BIB. CEMS - 11 de abril  |h U864.4  |i F883  |p 10189.81  |t Ej.1